| Tag |
First Indicator |
Second Indicator |
Subfields |
| LEADER |
00000cam a2200000 4500 |
| 001 |
in00000244321 |
| 005 |
20151009093231.0 |
| 008 |
740726s1974 maua bs 00110 eng |
| 010 |
|
|
|a 73083966
|
| 020 |
|
|
|a 0674308859
|
| 035 |
|
|
|a (OCoLC)01009114
|
| 035 |
|
|
|9 ABA6784AM
|
| 040 |
|
|
|a DLC
|c DLC
|d TXA
|d UtOrBLW
|
| 043 |
|
|
|a e-ur---
|a ee-----
|
| 049 |
|
|
|a TXAM
|c [718906]
|
| 050 |
0 |
0 |
|a HF3626
|b .H6
|
| 082 |
0 |
|
|a 382/.0947
|
| 100 |
1 |
|
|a Holzman, Franklyn D.
|
| 245 |
1 |
0 |
|a Foreign trade under central planning /
|c [by] Franklyn D. Holzman.
|
| 264 |
|
1 |
|a Cambridge :
|b Harvard University Press,
|c 1974.
|
| 300 |
|
|
|a xiii, 436 pages :
|b illustrations ;
|c 25 cm.
|
| 336 |
|
|
|a text
|b txt
|2 rdacontent
|
| 337 |
|
|
|a unmediated
|b n
|2 rdamedia
|
| 338 |
|
|
|a volume
|b nc
|2 rdacarrier
|
| 490 |
1 |
|
|a Russian Research Center studies, 73
|
| 500 |
|
|
|a A collection of essays written over the past decade.
|
| 504 |
|
|
|a Includes bibliographies.
|
| 651 |
|
0 |
|a Communist countries
|x Commerce.
|
| 651 |
|
0 |
|a Soviet Union
|x Commerce.
|
| 651 |
|
0 |
|a Soviet Union
|x Commercial policy.
|
| 830 |
|
0 |
|a Russian Research Center studies ;
|v 73.
|
| 999 |
|
|
|a MARS
|
| 999 |
f |
f |
|s 4a08f920-b895-34e5-a1df-cb72649d47dc
|i c4109774-58c0-35c4-9fb0-d9733cd4509f
|t 0
|
| 952 |
f |
f |
|p ric
|a Texas A&M University
|b Rellis Campus
|c Joint Library Facility
|d Remote Storage
|t 0
|e HF3626 .H6
|h Library of Congress classification
|i unmediated -- volume
|m A14802773800
|
| 998 |
f |
f |
|a HF3626 .H6
|t 0
|l Remote Storage
|